| 000 | 00686cam a22002651 4500 | ||
|---|---|---|---|
| 001 | sa 68000834 | ||
| 003 | DLC | ||
| 005 | 20260227112427.0 | ||
| 008 | 890907s1964 ii b 000 0 hino | ||
| 010 | _asa 68000834 | ||
| 035 | _a(OCoLC)20311039 | ||
| 040 |
_aDLC _cWaU _dDLC |
||
| 042 | _apremarc | ||
| 043 | _aa-ii--- | ||
| 050 | 0 | 0 |
_aHJ192 _b.G3 |
| 100 | 1 |
_aGaur, Amba Prasad, _d1919- |
|
| 245 | 1 | 0 |
_aLoka arthaśāstra. _bPublic economics. |
| 260 | _c1964. | ||
| 300 |
_a1 v. (various pagings) _c23 cm. |
||
| 500 | _aIn Hindi. | ||
| 504 | _aBibliographical footnotes. | ||
| 650 | 0 | _aFinance, Public. | |
| 650 | 0 |
_aFinance, Public _zIndia. |
|
| 740 | 0 | _aPublic economics. | |
| 999 |
_c77488 _d77488 |
||